000 00564nam a2200217 a 4500
001 0001-2005
003 ELIB.Books
008 190604 2010 eng
020 _aKBTS
092 _a254
_bCal
100 _aCallahen, Kennon L.
245 _aEffective Church Leadership
260 _aSan Francisco
_bHarper & Row Publishers
_c1990
300 _a268
_c21.5 Cm
650 _aChurch Management
856 _nKBTS Library
_uKBTS Elib
942 _2ddc
_cBK
990 _a1
998 _aEnglishbooks.elf
_ccat
_e2019-06-04
999 _c12005
_d12005